| 000 | 00508nam a2200205Ia 4500 | ||
|---|---|---|---|
| 008 | 170918s9999 xx 000 0 und d | ||
| 020 | _a9780545017459 | ||
| 050 | _bS769 2006 | ||
| 100 | _aSpringer, Nancy | ||
| 245 | 4 | _aThe case of the missing Marquess / | |
| 245 | _cNancy Springer. | ||
| 260 | _aNew York : | ||
| 260 | _bScholastic, | ||
| 260 | _c2006 | ||
| 300 | _a216 pages : | ||
| 300 | _bcolored illustration ; | ||
| 300 | _c19cm. | ||
| 440 | _aAn Enola Holmes mystery. | ||
| 500 | _a1020 | ||
| 999 |
_c342352 _d342352 |
||